| 000 | 00894cam a22002295a 4500 | ||
|---|---|---|---|
| 001 | L159430 | ||
| 002 | 18908 | ||
| 008 | 170705s2016 xxk f 000 0 eng d | ||
| 020 | _a9781859466414 | ||
| 035 | _a(Sirsi) u159430 | ||
| 041 | 0 | _aeng | |
| 050 | 0 | 4 | _a692.8 |
| 100 | 1 | _aLupton, Sarah | |
| 245 | 0 | 0 | _aGuide to JCT Design and Build Contract 2016 |
| 260 |
_aLondon _bRIBA _c2016 |
||
| 520 | _aProvides a comprehensive analysis of JCT Design and Build Contract 2016. Explains the differences between the 2011 and 2016 contracts. Covers documents, obligations of the contractor, possession and completion, control of the works, sums properly due, payment, indemnity and insurance, default and termination concluding with dispute resolution. | ||
| 590 | _aKA | ||
| 650 | 2 | 4 | _aJCT DESIGN AND BUILD CONTRACT 2016 |
| 651 | 4 | _aENGLAND AND WALES | |
| 690 |
_aContracts _96232 |
||
| 942 | _n0 | ||
| 999 |
_c115892 _d115892 |
||